[Event "4NCL/2001-02/D3/MK-AFC"]
[Site "Rd09-Birmingham"]
[Date "2002.05.04"]
[Round "9.1"]
[White "Macdonald-Ross, Michael"]
[Black "Carleton, John Joseph"]
[Result "1/2-1/2"]
[WhiteElo "2169"]
[BlackElo "2250"]
[PlyCount "90"]
[EventDate "2002.05.04"]
[EventCountry "ENG"]
[SourceTitle "BritBase"]
[Source "John Saunders"]
[SourceDate "2024.10.24"]
[SourceVersion "1"]
[SourceVersionDate "2024.10.24"]
[SourceQuality "1"]
[WhiteTeam "Milton Keynes"]
[BlackTeam "All Four Corners"]
[WhiteTeamCountry "ENG"]
[BlackTeamCountry "ENG"]

1. d4 d5 2. Nf3 Bf5 3. c4 e6 4. Nc3 Bb4 5. Qb3 Nc6 6. a3 dxc4 7. Qxc4 Qd5 8. e3 Qxc4 9. Bxc4 Bxc3+ 10. bxc3 Na5 11. Ba2 Nf6 12. Bb2 c5 13. Ke2 O-O 14. Rac1 b5 15. Ne5 Rfd8 16. f3 Nd7 17. Nxd7 Rxd7 18. e4 Bg6 19. Rhd1 c4 20. Ke3 Rad8 21. Rd2 f5 22. h3 h6 23. Rcd1 a6 24. Bb1 Nb3 25. Rf2 Rf7 26. g3 Rdf8 27. d5 exd5 28. Rxd5 fxe4 29. f4 Bf5 30. g4 {=} Bc8 31. Bxe4 Bb7 32. Re5 Rd8 33. Bf5 Rc7 34. a4 Nc5 35. axb5 axb5 36. Ba3 Nd3 37. Rd2 Ra8 {=} 38. Bd6 Nxe5 39. Bxc7 Nc6 40. Be6+ Kh8 41. f5 Ra3 42. Rc2 Nb4 43. Rc1 Na2 44. Rd1 Rxc3+ 45. Kf2 Rc2+ 1/2-1/2

[Event "4NCL/2001-02/D3/MK-AFC"]
[Site "Rd09-Birmingham"]
[Date "2002.05.04"]
[Round "9.2"]
[White "Toothill, John"]
[Black "Ioannides, Milton"]
[Result "1/2-1/2"]
[WhiteElo "2193"]
[BlackElo "2092"]
[PlyCount "37"]
[EventDate "2002.05.04"]
[EventCountry "ENG"]
[SourceTitle "BritBase"]
[Source "John Saunders"]
[SourceDate "2024.10.24"]
[SourceVersion "1"]
[SourceVersionDate "2024.10.24"]
[SourceQuality "1"]
[WhiteTeam "All Four Corners"]
[BlackTeam "Milton Keynes"]
[WhiteTeamCountry "ENG"]
[BlackTeamCountry "ENG"]

1. e4 c5 2. Nf3 d6 3. Bb5+ Bd7 4. Bxd7+ Nxd7 5. O-O Ngf6 6. Re1 e6 7. Nc3 Be7 8. d4 cxd4 9. Qxd4 a6 10. Bg5 O-O 11. Rad1 Qc7 12. h3 Rfd8 13. Ne2 Rac8 14. c3 h6 15. Bxf6 Nxf6 16. Ng3 Qa5 17. a3 Qb5 18. Qd2 Qb6 19. Nd4 1/2-1/2

[Event "4NCL/2001-02/D3/MK-AFC"]
[Site "Rd09-Birmingham"]
[Date "2002.05.04"]
[Round "9.3"]
[White "Freeman, Richard CP"]
[Black "Milnes, Anthony CP"]
[Result "1-0"]
[WhiteElo "2011"]
[BlackElo "2138"]
[PlyCount "63"]
[EventDate "2002.05.04"]
[EventCountry "ENG"]
[SourceTitle "BritBase"]
[Source "John Saunders"]
[SourceDate "2024.10.24"]
[SourceVersion "1"]
[SourceVersionDate "2024.10.24"]
[SourceQuality "1"]
[WhiteTeam "Milton Keynes"]
[BlackTeam "All Four Corners"]
[WhiteTeamCountry "ENG"]
[BlackTeamCountry "ENG"]

1. e4 e6 2. d4 d5 3. e5 c5 4. Nf3 Nc6 5. Bd3 Qb6 6. O-O cxd4 7. Nbd2 f6 8. Re1 fxe5 9. Nxe5 Nf6 10. Ndf3 Nxe5 11. Nxe5 Bd6 12. b3 O-O 13. Bb2 Kh8 14. Nf3 Bc5 15. a3 a5 16. Qd2 Bd7 17. Qg5 Rae8 18. Qh4 Re7 19. Ne5 Be8 20. g4 Ne4 21. f3 g5 22. Qh6 Rf6 23. Qh3 Nd6 24. Bc1 Ne4 25. fxe4 dxe4 26. Rxe4 Rg7 27. Re1 Bd6 28. Bxg5 Bxe5 29. Rxe5 Rf5 30. Bxf5 d3+ 31. Be3 Qd6 32. Rxe6 1-0

[Event "4NCL/2001-02/D3/MK-AFC"]
[Site "Rd09-Birmingham"]
[Date "2002.05.04"]
[Round "9.4"]
[White "Khoo, Teresa"]
[Black "Smith, Graham M"]
[Result "1/2-1/2"]
[WhiteElo "2136"]
[BlackElo "1992"]
[PlyCount "54"]
[EventDate "2002.05.04"]
[EventCountry "ENG"]
[SourceTitle "BritBase"]
[Source "John Saunders"]
[SourceDate "2024.10.24"]
[SourceVersion "1"]
[SourceVersionDate "2024.10.24"]
[SourceQuality "1"]
[WhiteTeam "All Four Corners"]
[BlackTeam "Milton Keynes"]
[WhiteTeamCountry "ENG"]
[BlackTeamCountry "ENG"]

1. e4 d6 2. d4 Nf6 3. Nc3 g6 4. Nf3 Bg7 5. Bg5 h6 6. Be3 c6 7. Qd2 b5 8. a3 Qc7 9. h3 Nbd7 10. Be2 Bb7 11. O-O g5 12. Nh2 e5 13. Rad1 a6 14. dxe5 dxe5 15. Ng4 O-O-O 16. Qd6 c5 17. Nxf6 Nxf6 18. Qxc5 Qxc5 19. Bxc5 Nxe4 20. Bb6 Rxd1 21. Rxd1 Nxc3 22. Bg4+ Kb8 23. bxc3 Bc6 24. Ba5 Kb7 25. Bf5 Re8 26. f3 Bf8 27. Bb4 Bxb4 1/2-1/2

[Event "4NCL/2001-02/D3/MK-AFC"]
[Site "Rd09-Birmingham"]
[Date "2002.05.04"]
[Round "9.5"]
[White "Elwin, Adrian G"]
[Black "Phillips, David"]
[Result "1/2-1/2"]
[WhiteElo "1968"]
[BlackElo "1984"]
[PlyCount "42"]
[EventDate "2002.05.04"]
[EventCountry "ENG"]
[SourceTitle "BritBase"]
[Source "John Saunders"]
[SourceDate "2024.10.24"]
[SourceVersion "1"]
[SourceVersionDate "2024.10.24"]
[SourceQuality "1"]
[WhiteTeam "Milton Keynes"]
[BlackTeam "All Four Corners"]
[WhiteTeamCountry "ENG"]
[BlackTeamCountry "ENG"]

1. Nf3 d5 2. c4 c6 3. d4 Nf6 4. Nc3 Bf5 5. Qb3 Qb6 6. Qxb6 axb6 7. cxd5 cxd5 8. Bf4 e6 9. e3 Bb4 10. Bb5+ Ke7 11. O-O Bxc3 12. bxc3 Rc8 13. Rfc1 Nc6 14. Nd2 Nh5 15. Bg3 Nxg3 16. hxg3 Na5 17. f3 Rc7 18. a4 Rac8 19. Ra3 f6 20. e4 Bg6 21. Kf2 Kd6 1/2-1/2

[Event "4NCL/2001-02/D3/MK-AFC"]
[Site "Rd09-Birmingham"]
[Date "2002.05.04"]
[Round "9.6"]
[White "Hardman, Michael J"]
[Black "Kendall, Paul Stephen N"]
[Result "0-1"]
[WhiteElo "1960"]
[BlackElo "1968"]
[PlyCount "190"]
[EventDate "2002.05.04"]
[EventCountry "ENG"]
[SourceTitle "BritBase"]
[Source "John Saunders"]
[SourceDate "2024.10.24"]
[SourceVersion "1"]
[SourceVersionDate "2024.10.24"]
[SourceQuality "1"]
[WhiteTeam "All Four Corners"]
[BlackTeam "Milton Keynes"]
[WhiteTeamCountry "ENG"]
[BlackTeamCountry "ENG"]

1. e4 e5 2. Bc4 Nf6 3. d3 Nc6 4. h3 Na5 5. Bb3 Nxb3 6. axb3 d5 7. exd5 Qxd5 8. Nf3 Bf5 9. Nc3 Qc6 10. O-O Bd6 11. Nxe5 Bxe5 12. Re1 Nd7 13. d4 O-O-O 14. dxe5 Nxe5 15. Qe2 Bxh3 16. Qe4 Rhe8 17. Qxc6 bxc6 18. Be3 Bf5 19. Na4 Bxc2 20. Nc5 Nd3 21. Rxa7 Nxc5 22. Ra8+ Kd7 23. Rxd8+ Kxd8 24. Rc1 Bxb3 25. Rxc5 Kd7 26. Rc3 Bd5 27. f3 h5 28. Kf2 Rb8 29. Rc2 Rb3 30. Bc5 g5 31. Bd4 f5 32. Bc3 Rb8 33. Rc1 Ke6 34. Re1+ Kf7 35. Re5 Be6 36. g4 hxg4 37. fxg4 Rb5 38. gxf5 Bxf5 39. Kg3 Rd5 40. Kf2 g4 41. Re3 Kg6 42. Re8 Kg5 43. Be5 Rd3 44. Rg8+ Bg6 45. Rb8 Rf3+ 46. Kg1 Rf7 47. Bg3 Be4 48. Re8 Bf3 49. Re5+ Kf6 50. Re8 Rd7 51. Rd8 Rh7 52. Rd2 Kf5 53. Rd4 Rh1+ 54. Kf2 Rh7 55. Rf4+ Kg5 56. Rd4 Re7 57. Rd2 Bd5 58. Rd3 Rf7+ 59. Kg1 Kf5 60. Re3 Be4 61. Re2 Rd7 62. Rf2+ Bf3 63. Rc2 Rd1+ 64. Kf2 Be4 65. Re2 Bd3 66. Re5+ Kf6 67. Re1 Rd2+ 68. Kg1 Kf5 69. Re5+ Kf6 70. Re1 Be2 71. b4 Bf3 72. Bxc7 Rg2+ 73. Kf1 Kf5 74. Re5+ Kf6 75. Re3 Kg5 76. Re8 Rb2 77. Bd6 Bg2+ 78. Kg1 Bd5 79. Re3 Bf3 80. Re8 Rd2 81. Bc5 Rg2+ 82. Kf1 Kf5 83. Bd6 Rb2 84. Re5+ Kf6 85. Re8 Kf7 86. Re3 Kg6 87. Re8 Bd5 88. Rf8 Rd2 89. Bc5 g3 90. Kg1 Rg2+ 91. Kf1 Rh2 92. Bg1 Rb2 93. Bc5 g2+ 94. Ke1 Rb1+ 95. Kd2 Rxb4 0-1

[Event "4NCL/2001-02/D3/MK-AFC"]
[Site "Rd09-Birmingham"]
[Date "2002.05.04"]
[Round "9.8"]
[White "Truscott, Ian"]
[Black "Valentine, Brian J"]
[Result "0-1"]
[WhiteElo "1680"]
[BlackElo "1904"]
[PlyCount "62"]
[EventDate "2002.05.04"]
[EventCountry "ENG"]
[SourceTitle "BritBase"]
[Source "John Saunders"]
[SourceDate "2024.10.24"]
[SourceVersion "1"]
[SourceVersionDate "2024.10.24"]
[SourceQuality "1"]
[WhiteTeam "All Four Corners"]
[BlackTeam "Milton Keynes"]
[WhiteTeamCountry "ENG"]
[BlackTeamCountry "ENG"]

1. d4 d5 2. Bg5 c6 3. c3 Bf5 4. e3 Nd7 5. Bd3 Bxd3 6. Qxd3 Qb6 7. Qc2 e5 8. Nd2 Bd6 9. Ne2 Ne7 10. Bh4 exd4 11. exd4 O-O 12. Bg3 Qc7 13. Bxd6 Qxd6 14. O-O f5 15. f4 Nf6 16. Nf3 Ne4 17. Ne5 h6 18. Rad1 g5 19. Rf3 Ng6 20. Nxg6 Qxg6 21. fxg5 hxg5 22. Nc1 Kg7 23. Nd3 Rh8 24. Ne5 Qe6 25. Rdf1 Raf8 26. c4 dxc4 27. Nxc4 Qd5 28. Nd2 Qxd4+ 29. Kh1 Nxd2 30. Rxf5 Rxh2+ 31. Kxh2 Rh8+ 0-1

[Event "4NCL/2001-02/D3/NK-WR2"]
[Site "Rd09-Birmingham"]
[Date "2002.05.04"]
[Round "9.1"]
[White "Williams, Leighton"]
[Black "Gourlay, Iain"]
[Result "0-1"]
[WhiteElo "2304"]
[BlackElo "2193"]
[PlyCount "54"]
[EventDate "2002.05.04"]
[EventType "team-match"]
[EventCountry "ENG"]
[SourceTitle "BritBase"]
[Source "John Saunders"]
[SourceDate "2024.10.24"]
[SourceVersion "1"]
[SourceVersionDate "2024.10.24"]
[SourceQuality "1"]
[WhiteTeam "Nidum Knights"]
[BlackTeam "White Rose 2"]
[WhiteTeamCountry "WLS"]
[BlackTeamCountry "ENG"]

1. d4 Nf6 2. c4 c5 3. d5 b5 4. cxb5 a6 5. bxa6 g6 6. Nc3 Bxa6 7. e4 Bxf1 8. Kxf1 d6 9. g4 Bg7 10. Kg2 Qc8 11. f3 Nbd7 12. Nge2 Ne5 13. Ng3 Qa6 14. Rb1 h5 15. g5 Nfd7 16. f4 Nd3 17. Bd2 h4 18. Nge2 h3+ 19. Kg3 f6 20. gxf6 Bxf6 21. Kf3 N7e5+ 22. fxe5 Nxe5+ 23. Kf2 Bh4+ 24. Kg1 Nf3+ 25. Kf1 Nxd2+ 26. Qxd2 Rf8+ 27. Kg1 Bf2+ 0-1

[Event "4NCL/2001-02/D3/NK-WR2"]
[Site "Rd09-Birmingham"]
[Date "2002.05.04"]
[Round "9.2"]
[White "White, Mark W"]
[Black "Walsh, Chris"]
[Result "0-1"]
[WhiteElo "2108"]
[BlackElo "2202"]
[PlyCount "164"]
[EventDate "2002.05.04"]
[EventType "team-match"]
[EventCountry "ENG"]
[SourceTitle "BritBase"]
[Source "John Saunders"]
[SourceDate "2024.10.24"]
[SourceVersion "1"]
[SourceVersionDate "2024.10.24"]
[SourceQuality "1"]
[WhiteTeam "White Rose 2"]
[BlackTeam "Nidum Knights"]
[WhiteTeamCountry "ENG"]
[BlackTeamCountry "WLS"]

1. e4 e6 2. d4 d5 3. e5 c5 4. c3 Nc6 5. Nf3 Bd7 6. Be2 Nge7 7. Bg5 cxd4 8. Bxe7 Bxe7 9. cxd4 Qb6 10. Qd2 Na5 11. O-O Bb5 12. Bxb5+ Qxb5 13. Nc3 Qa6 14. Rac1 O-O 15. Qf4 Rac8 16. Qg4 Rc6 17. Nd2 Bb4 18. Qg3 Nc4 19. Nxc4 Rxc4 20. Qe3 Bxc3 21. bxc3 Ra4 22. f4 Rxa2 23. f5 exf5 24. Rxf5 Ra1 25. Rxa1 Qxa1+ 26. Rf1 Qa6 27. Qg5 Qc6 28. Rf3 a5 29. Rg3 Qg6 30. Qc1 Qe4 31. h3 h6 32. Qa3 Qh4 33. Kh2 Qd8 34. Qb3 b6 35. Rf3 Re8 36. Rf1 Re6 37. Rb1 Rc6 38. Qb5 Rxc3 39. Qxb6 Qxb6 40. Rxb6 Rc4 41. Rb5 Rxd4 42. Rxa5 Kf8 43. Ra7 Re4 44. Kg3 Rxe5 45. Kf4 Re4+ 46. Kf3 g5 47. Rd7 Re5 48. g3 Kg7 49. h4 h5 50. hxg5 Rxg5 51. Rd6 f6 52. Rd7+ Kg6 53. Kf2 Re5 54. Kf3 Kf5 55. Rd6 Kg5 56. Rd7 Rf5+ 57. Kg2 h4 58. Rd8 Kg4 59. gxh4 Kxh4 60. Rd6 Kg4 61. Rd8 Kf4 62. Kf2 Ke4+ 63. Ke2 Re5 64. Rd6 f5 65. Rd8 f4 66. Rd7 d4 67. Rd8 f3+ 68. Kf2 Rf5 69. Rd7 Kd3 70. Rd8 Kc3 71. Rc8+ Kd2 72. Rd8 d3 73. Rd7 Kc2 74. Rc7+ Kd1 75. Rd7 d2 76. Rc7 Re5 77. Rc8 Re2+ 78. Kf1 Re3 79. Rc7 Ra3 80. Kf2 Ra1 81. Ke3 Rc1 82. Rd7 Rc3+ 0-1

[Event "4NCL/2001-02/D3/NK-WR2"]
[Site "Rd09-Birmingham"]
[Date "2002.05.04"]
[Round "9.3"]
[White "Evans-Quek, Suan Shiau"]
[Black "Van Kemenade, Rudy"]
[Result "1-0"]
[WhiteElo "2257"]
[BlackElo "2124"]
[PlyCount "51"]
[EventDate "2002.05.04"]
[EventType "team-match"]
[EventCountry "ENG"]
[SourceTitle "BritBase"]
[Source "John Saunders"]
[SourceDate "2024.10.24"]
[SourceVersion "1"]
[SourceVersionDate "2024.10.24"]
[SourceQuality "1"]
[WhiteTeam "Nidum Knights"]
[BlackTeam "White Rose 2"]
[WhiteTeamCountry "WLS"]
[BlackTeamCountry "ENG"]

1. g3 g6 2. Bg2 Bg7 3. Nf3 f5 4. d3 e5 5. Bg5 Ne7 6. Nc3 c6 7. e4 h6 8. Bd2 O-O 9. Qe2 d6 10. Nd1 Nd7 11. c4 Nc5 12. b4 Nxd3+ 13. Qxd3 fxe4 14. Qxe4 d5 15. Qb1 e4 16. Ng1 Bf5 17. Qc1 d4 18. Bxh6 e3 19. Bxg7 Kxg7 20. fxe3 dxe3 21. Nxe3 Bd3 22. Qc3+ Kg8 23. O-O-O Qb6 24. Rxd3 Rf2 25. Qb3 Qa6 26. a3 1-0

[Event "4NCL/2001-02/D3/NK-WR2"]
[Site "Rd09-Birmingham"]
[Date "2002.05.04"]
[Round "9.4"]
[White "Keeling, Geoffrey"]
[Black "Morris, Gareth D"]
[Result "0-1"]
[WhiteElo "2043"]
[BlackElo "2175"]
[PlyCount "60"]
[EventDate "2002.05.04"]
[EventType "team-match"]
[EventCountry "ENG"]
[SourceTitle "BritBase"]
[Source "John Saunders"]
[SourceDate "2024.10.24"]
[SourceVersion "1"]
[SourceVersionDate "2024.10.24"]
[SourceQuality "1"]
[WhiteTeam "White Rose 2"]
[BlackTeam "Nidum Knights"]
[WhiteTeamCountry "ENG"]
[BlackTeamCountry "WLS"]

1. e4 c5 2. Nf3 Nc6 3. Bb5 g6 4. O-O Bg7 5. Bxc6 dxc6 6. h3 Nf6 7. Re1 Nd7 8. d3 e5 9. Nc3 O-O 10. Be3 Qe7 11. Qd2 Rd8 12. Rad1 f6 13. Nh2 Nf8 14. f4 c4 15. fxe5 fxe5 16. Qe2 cxd3 17. Rxd3 Rxd3 18. Qxd3 Be6 19. Rd1 Qb4 20. b3 Bf6 21. Na4 Rd8 22. Qf1 Qxe4 23. Bxa7 Qxc2 24. Rxd8 Bxd8 25. Bc5 Nd7 26. Bd6 Qxa2 27. Kh1 Qd2 28. Ba3 Bxb3 29. Nc5 Nxc5 30. Bxc5 Qd1 0-1

[Event "4NCL/2001-02/D3/NK-WR2"]
[Site "Rd09-Birmingham"]
[Date "2002.05.04"]
[Round "9.5"]
[White "Fish, Andrew"]
[Black "Lim Chin Lee"]
[Result "1-0"]
[WhiteElo "2103"]
[BlackElo "2050"]
[PlyCount "55"]
[EventDate "2002.05.04"]
[EventType "team-match"]
[EventCountry "ENG"]
[SourceTitle "BritBase"]
[Source "John Saunders"]
[SourceDate "2024.10.24"]
[SourceVersion "1"]
[SourceVersionDate "2024.10.24"]
[SourceQuality "1"]
[WhiteTeam "Nidum Knights"]
[BlackTeam "White Rose 2"]
[WhiteTeamCountry "WLS"]
[BlackTeamCountry "ENG"]

1. e4 e6 2. d4 d5 3. Nd2 Nf6 4. e5 Nfd7 5. Bd3 c5 6. c3 Nc6 7. Ne2 cxd4 8. cxd4 b6 9. O-O Nb4 10. Bb1 Ba6 11. Nf3 Rc8 12. Re1 Be7 13. a3 Nc6 14. Nc3 b5 15. Bd3 Qb6 16. Be3 Na5 17. Ng5 Nc4 18. Bxc4 Rxc4 19. Qh5 g6 20. Qh6 Bxg5 21. Bxg5 Qxd4 22. Qg7 Rf8 23. Rad1 Qg4 24. h4 Rd4 25. Nxd5 exd5 26. e6 Ne5 27. Qxe5 Rxd1 28. Qb8+ 1-0

[Event "4NCL/2001-02/D3/NK-WR2"]
[Site "Rd09-Birmingham"]
[Date "2002.05.04"]
[Round "9.6"]
[White "Keeling, Karen"]
[Black "Evans, Deborah M"]
[Result "1/2-1/2"]
[WhiteElo "2038"]
[BlackElo "2070"]
[PlyCount "70"]
[EventDate "2002.05.04"]
[EventType "team-match"]
[EventCountry "ENG"]
[SourceTitle "BritBase"]
[Source "John Saunders"]
[SourceDate "2024.10.24"]
[SourceVersion "1"]
[SourceVersionDate "2024.10.24"]
[SourceQuality "1"]
[WhiteTeam "White Rose 2"]
[BlackTeam "Nidum Knights"]
[WhiteTeamCountry "ENG"]
[BlackTeamCountry "WLS"]

1. c4 e5 2. g3 Nf6 3. Bg2 d5 4. cxd5 Nxd5 5. Nf3 Nc6 6. d3 Be7 7. O-O O-O 8. a3 a5 9. b3 Be6 10. Bb2 f6 11. Nbd2 Kh8 12. e3 Qe8 13. d4 exd4 14. Nxd4 Nxd4 15. Bxd4 c5 16. Bb2 Rd8 17. Qc2 b5 18. e4 Nb6 19. Bc3 b4 20. Bb2 c4 21. bxc4 Rc8 22. Rfc1 Nxc4 23. Nxc4 Bxc4 24. Qd2 Qb5 25. axb4 Bxb4 26. Bc3 Rfd8 27. Qe1 Bd3 28. Bxb4 Qxb4 29. Qe3 Rxc1+ 30. Rxc1 Bc4 31. h3 a4 32. Qa7 Be2 33. Ra1 Bd1 34. Qe3 Bb3 35. Rb1 h6 1/2-1/2

[Event "4NCL/2001-02/D3/NK-WR2"]
[Site "Rd09-Birmingham"]
[Date "2002.05.04"]
[Round "9.7"]
[White "Gandy, Andrew R"]
[Black "Cumbers, Paul"]
[Result "1-0"]
[WhiteElo "2074"]
[BlackElo "1952"]
[PlyCount "80"]
[EventDate "2002.05.04"]
[EventType "team-match"]
[EventCountry "ENG"]
[SourceTitle "BritBase"]
[Source "John Saunders"]
[SourceDate "2024.10.24"]
[SourceVersion "1"]
[SourceVersionDate "2024.10.24"]
[SourceQuality "1"]
[WhiteTeam "Nidum Knights"]
[BlackTeam "White Rose 2"]
[WhiteTeamCountry "WLS"]
[BlackTeamCountry "ENG"]

1. d4 f5 2. Bg5 g6 3. Nd2 Bg7 4. e4 fxe4 5. Nxe4 d5 6. Nc5 b6 7. Nb3 Nf6 8. Nf3 Bg4 9. Be2 Nbd7 10. O-O O-O 11. h3 Be6 12. Qc1 Ne4 13. Bh6 Nd6 14. Bxg7 Kxg7 15. Ng5 Bg8 16. Qe3 e5 17. dxe5 Nf5 18. Qf4 Nh6 19. Qd2 Nxe5 20. Nd4 Qd7 21. Qc3 c5 22. Nde6+ Bxe6 23. Qxe5+ Rf6 24. Nxh7 Kxh7 25. Qxf6 Ng8 26. Qg5 Rf8 27. Bd3 Bf5 28. Bxf5 Rxf5 29. Qe3 d4 30. Qe4 Nf6 31. Qh4+ Kg7 32. Rae1 b5 33. Re2 g5 34. Qg3 Nd5 35. Rfe1 Kg6 36. Re6+ Rf6 37. Qg4 Qf7 38. Qe4+ Kg7 39. Qxd5 Rxf2 40. Qxg5+ Kf8 1-0

[Event "4NCL/2001-02/D3/NK-WR2"]
[Site "Rd09-Birmingham"]
[Date "2002.05.04"]
[Round "9.8"]
[White "Shaw, Peter"]
[Black "Rees, Ioan L"]
[Result "1/2-1/2"]
[WhiteElo "1960"]
[BlackElo "1970"]
[PlyCount "90"]
[EventDate "2002.05.04"]
[EventType "team-match"]
[EventCountry "ENG"]
[SourceTitle "BritBase"]
[Source "John Saunders"]
[SourceDate "2024.10.24"]
[SourceVersion "1"]
[SourceVersionDate "2024.10.24"]
[SourceQuality "1"]
[WhiteTeam "White Rose 2"]
[BlackTeam "Nidum Knights"]
[WhiteTeamCountry "ENG"]
[BlackTeamCountry "WLS"]

1. d4 Nf6 2. Nf3 e6 3. e3 b6 4. Bd3 Bb7 5. O-O Be7 6. Nbd2 d6 7. Re1 Nbd7 8. e4 O-O 9. c3 c5 10. Nf1 Qc7 11. h3 a6 12. Bf4 e5 13. Bh2 Rfe8 14. d5 c4 15. Bc2 b5 16. Ne3 Nc5 17. Nf5 g6 18. Nxe7+ Qxe7 19. Qd2 Kg7 20. Bg3 Nh5 21. Bh4 f6 22. Nh2 Nf4 23. Ng4 g5 24. Bg3 Ncd3 25. Bxd3 Nxd3 26. Ne3 Bc8 27. Reb1 Rf8 28. b3 Qc7 29. f3 f5 30. bxc4 bxc4 31. exf5 Bxf5 32. Nxf5+ Rxf5 33. Bf2 Qf7 34. Rb6 Qxd5 35. Rab1 h6 36. Qd1 Rf7 37. Be3 Kh7 38. Qa4 e4 39. fxe4 Qxe4 40. Bd4 Nf4 41. Qc6 Ne2+ 42. Kh1 Ng3+ 43. Kg1 Ne2+ 44. Kh1 Ng3+ 45. Kg1 Ne2+ 1/2-1/2

[Event "4NCL/2001-02/D3/PP2-BRI2"]
[Site "Rd09-Birmingham"]
[Date "2002.05.04"]
[Round "9.1"]
[White "Hansen, Hans-Peter"]
[Black "Buckley, David E"]
[Result "1/2-1/2"]
[WhiteElo "2144"]
[BlackElo "2192"]
[PlyCount "79"]
[EventDate "2002.05.04"]
[EventType "team-match"]
[EventCountry "ENG"]
[SourceTitle "BritBase"]
[Source "John Saunders"]
[SourceDate "2024.10.24"]
[SourceVersion "1"]
[SourceVersionDate "2024.10.24"]
[SourceQuality "1"]
[WhiteTeam "Poisoned Pawns 2"]
[BlackTeam "Bristol 2"]
[WhiteTeamCountry "ENG"]
[BlackTeamCountry "ENG"]

1. c4 g6 2. Nc3 c5 3. Nf3 Bg7 4. e3 Nf6 5. d4 O-O 6. Be2 d5 7. O-O cxd4 8. exd4 Nc6 9. h3 dxc4 10. Bxc4 b6 11. Bg5 Bb7 12. Re1 Nb4 13. Ne5 Nbd5 14. Qb3 e6 {=} 15. Nxd5 exd5 16. Bb5 Qd6 17. Bxf6 Bxf6 18. Nd7 Rfc8 19. Nxf6+ Qxf6 20. Rad1 Bc6 21. Bxc6 Qxc6 22. Re5 Rd8 23. a3 Rac8 24. Qe3 Qf6 25. Rc1 Rxc1+ 26. Qxc1 Qd6 27. Qe3 Kg7 28. g3 Rd7 29. Kg2 Qc6 30. Re8 Qf6 31. Re5 Qc6 32. Re7 Rxe7 33. Qxe7 Qc4 34. Qe5+ Kg8 35. Qe8+ Kg7 36. Qe5+ Kg8 37. h4 h5 38. Qe8+ Kg7 39. Qe5+ Kg8 40. Qe8+ 1/2-1/2

[Event "4NCL/2001-02/D3/PP2-BRI2"]
[Site "Rd09-Birmingham"]
[Date "2002.05.04"]
[Round "9.2"]
[White "Dilleigh, Stephen P"]
[Black "Goodger, Martyn"]
[Result "1/2-1/2"]
[WhiteElo "2173"]
[BlackElo "2143"]
[PlyCount "82"]
[EventDate "2002.05.04"]
[EventType "team-match"]
[EventCountry "ENG"]
[SourceTitle "BritBase"]
[Source "John Saunders"]
[SourceDate "2024.10.24"]
[SourceVersion "1"]
[SourceVersionDate "2024.10.24"]
[SourceQuality "1"]
[WhiteTeam "Bristol 2"]
[BlackTeam "Poisoned Pawns 2"]
[WhiteTeamCountry "ENG"]
[BlackTeamCountry "ENG"]

1. c4 f5 2. g3 Nf6 3. Bg2 g6 4. Nc3 Bg7 5. d3 d6 6. e4 Nc6 7. Nge2 e5 8. O-O O-O 9. exf5 Bxf5 10. h3 Qd7 11. g4 Be6 12. b3 h5 13. g5 Nh7 14. h4 Bh3 15. f3 Rf7 16. Rb1 Nf8 17. Nd5 Bxg2 18. Kxg2 Ne6 19. Nec3 Ne7 20. Nxe7+ Qxe7 21. Be3 Raf8 22. Qe2 Qd7 23. Rf2 c6 24. Ne4 b6 25. Ng3 d5 26. Rd1 Kh7 27. Qc2 Nf4+ 28. Bxf4 Rxf4 29. Rh1 Qf7 30. Qe2 Re8 31. Rff1 Qe7 32. Qd2 Ref8 33. Ne2 {=} R4f5 34. Ng3 Rf4 35. Ne2 R4f7 36. Ng3 Qd6 37. Qe3 Rf4 38. Ne2 R4f5 39. Ng3 Rf4 40. Ne2 R4f7 41. Ng3 Rf4 1/2-1/2

[Event "4NCL/2001-02/D3/PP2-BRI2"]
[Site "Rd09-Birmingham"]
[Date "2002.05.04"]
[Round "9.3"]
[White "Day, Tom W"]
[Black "Easton, Alex"]
[Result "0-1"]
[WhiteElo "2115"]
[BlackElo "2139"]
[PlyCount "82"]
[EventDate "2002.05.04"]
[EventType "team-match"]
[EventCountry "ENG"]
[SourceTitle "BritBase"]
[Source "John Saunders"]
[SourceDate "2024.10.24"]
[SourceVersion "1"]
[SourceVersionDate "2024.10.24"]
[SourceQuality "1"]
[WhiteTeam "Poisoned Pawns 2"]
[BlackTeam "Bristol 2"]
[WhiteTeamCountry "ENG"]
[BlackTeamCountry "ENG"]

1. d4 Nf6 2. c4 g6 3. Nc3 d5 4. cxd5 Nxd5 5. e4 Nxc3 6. bxc3 Bg7 7. Bc4 c5 8. Ne2 Nc6 9. Be3 O-O 10. O-O Bd7 11. Rb1 Qc7 12. dxc5 Na5 13. Bd5 Rfd8 14. Qc1 e6 15. Bb3 Bf8 16. f4 Bxc5 17. Bd4 Bb5 18. Qe3 Bxd4 19. Nxd4 Bxf1 20. Rxf1 Nxb3 21. axb3 Rac8 22. Rf3 Qxc3 23. Qxc3 Rxc3 24. Rxc3 Rxd4 25. Re3 Kf8 26. Kf2 Ke7 27. Kf3 h5 28. h4 Kd7 29. Rc3 Rd6 30. g4 hxg4+ 31. Kxg4 Rc6 32. Rd3+ Ke7 33. Kg5 Rc5+ 34. Kg4 b5 35. e5 a5 36. Kg5 b4 37. Re3 Rc3 38. Re1 Rxb3 39. Ra1 Ra3 40. Rc1 Rg3+ 41. Kh6 Rc3 0-1

[Event "4NCL/2001-02/D3/PP2-BRI2"]
[Site "Rd09-Birmingham"]
[Date "2002.05.04"]
[Round "9.4"]
[White "Rudd, Jack"]
[Black "Winfridsson, Ola"]
[Result "1-0"]
[WhiteElo "2135"]
[BlackElo "2032"]
[PlyCount "121"]
[EventDate "2002.05.04"]
[EventType "team-match"]
[EventCountry "ENG"]
[SourceTitle "BritBase"]
[Source "John Saunders"]
[SourceDate "2024.10.24"]
[SourceVersion "1"]
[SourceVersionDate "2024.10.24"]
[SourceQuality "1"]
[WhiteTeam "Bristol 2"]
[BlackTeam "Poisoned Pawns 2"]
[WhiteTeamCountry "ENG"]
[BlackTeamCountry "ENG"]

1. e4 c6 2. d4 d5 3. Nc3 dxe4 4. Nxe4 Bf5 5. Ng3 Bg6 6. Nf3 Nd7 7. h4 h6 8. h5 Bh7 9. Bd3 Bxd3 10. Qxd3 Ngf6 11. Bd2 e6 12. Qe2 Qc7 13. O-O-O c5 14. Rh4 Be7 15. dxc5 Bxc5 16. Kb1 O-O 17. c4 Qb6 18. Bc3 Rfd8 19. Ne4 Nxe4 20. Qxe4 Nf6 21. Rxd8+ Qxd8 22. Qc2 Qe7 23. a3 a5 24. g4 Nh7 25. Rh1 Ng5 26. Ne5 Qf6 27. Rf1 Qf4 28. Nd3 Qxc4 29. Re1 Nf3 30. Re2 Bb6 31. Ne5 Nxe5 32. Rxe5 Rc8 33. Qe2 Qxe2 34. Rxe2 Rc4 35. f3 Rf4 36. Re5 Rxf3 37. Rb5 Be3 38. Bxa5 Rf4 39. Rxb7 Rxg4 40. Bb4 Bd4 41. a4 Rg1+ 42. Ka2 Rg2 43. Be7 f5 44. a5 f4 45. a6 f3 46. a7 Bxa7 47. Rxa7 Rh2 48. Ra8+ Kf7 {=} 49. Bd6 e5 50. Rf8+ Ke6 51. Bb8 Rxh5 52. Rxf3 e4 53. Rg3 g5 54. Kb3 Rh1 55. Kc4 Kf5 56. b4 h5 57. b5 Rd1 58. b6 h4 59. Re3 Rb1 60. Bc7 Ra1 61. b7 1-0